At Her Majesty's Request : (Record no. 4886)

MARC details
000 -LEADER
fixed length control field 01044nam a22002897a 4500
001 - CONTROL NUMBER
control field 4886
003 - CONTROL NUMBER IDENTIFIER
control field FISKH
005 - DATE AND TIME OF LATEST TRANSACTION
control field 20241023083712.0
008 - FIXED-LENGTH DATA ELEMENTS--GENERAL INFORMATION
fixed length control field 241023b cb ||||| |||| 00| 0 eng d
020 ## - INTERNATIONAL STANDARD BOOK NUMBER
International Standard Book Number 9780590486705
040 ## - CATALOGING SOURCE
Original cataloging agency FISKH
Language of cataloging eng
Transcribing agency FISKH
Modifying agency FISKH
050 ## - LIBRARY OF CONGRESS CALL NUMBER
Classification number DA565.F67
082 ## - DEWEY DECIMAL CLASSIFICATION NUMBER
Classification number 941.08092
100 ## - MAIN ENTRY--PERSONAL NAME
Personal name Myers, Walter Dean
245 ## - TITLE STATEMENT
Title At Her Majesty's Request :
Remainder of title An American Princess In Vitorian England /
Statement of responsibility, etc. by Walter Dean Myers
250 ## - EDITION STATEMENT
Edition statement First Scholastic paperback printing, September 1999
260 ## - PUBLICATION, DISTRIBUTION, ETC.
Place of publication, distribution, etc. New York :
Name of publisher, distributor, etc. Scholastic ;
Date of publication, distribution, etc. 1999 .
300 ## - PHYSICAL DESCRIPTION
Extent 146 pages :
Other physical details illustrations ;
Dimensions 20 cm .
505 ## - FORMATTED CONTENTS NOTE
Formatted contents note Z <br/>
520 ## - SUMMARY, ETC.
Summary, etc. Biography of the African princess saved from execution and taken to England where Queen Victoria oversaw her upbringing and where she lived for a time before marrying an African missionary.
521 8# - TARGET AUDIENCE NOTE
Target audience note 1070 <br/>
Source Lexile <br/>
521 8# - TARGET AUDIENCE NOTE
Target audience note Z <br/>
Source Raz-Plus <br/>
650 ## - SUBJECT ADDED ENTRY--TOPICAL TERM
Topical term or geographic name entry element slavery
Form subdivision non-fiction
700 ## - ADDED ENTRY--PERSONAL NAME
Personal name Saylor, David
Relator term Book designer
942 ## - ADDED ENTRY ELEMENTS (KOHA)
Source of classification or shelving scheme Dewey Decimal Classification
Koha item type Books
Suppress in OPAC No
Holdings
Withdrawn status Lost status Source of classification or shelving scheme Damaged status Not for loan Collection Home library Current library Shelving location Date acquired Total Checkouts Full call number Barcode Date last seen Copy number Price effective from Koha item type
    Dewey Decimal Classification     Non-Fiction Footprints International School Library Network Toul Kork Campus Footprints International School Library Network Toul Kork Campus TTP Secondary Non-Fiction Bookshelves 10/23/2024   MYE 941.08092 DA565.F67 FISSE00546 10/23/2024 1 10/23/2024 Books
    Dewey Decimal Classification     Non-Fiction Footprints International School Library Network Toul Kork Campus Footprints International School Library Network Toul Kork Campus TTP Secondary Non-Fiction Bookshelves 10/23/2024   MYE 941.08092 DA565.F67 FISSE00547 12/04/2024 2 10/23/2024 Books